Top 10 des tireurs à 3 points - Statistiques

Statistiques générales
  • Ce quiz a été pris 38 fois
    3 depuis la dernière actualisation
  • Le résultat moyen est 4 sur 10
Statistiques - réponses
Nombre Joueurs % Correct
2561 LeBron James
100%
4116 Stephen Curry
100%
2804 Damian Lillard
50%
3227 James Harden
50%
2732 Klay Thompson
50%
2973 Ray Allen
50%
2450 Kyle Korver
0%
2354 Paul George
0%
2560 Reggie Miller
0%
2290 Vince Carter
0%
Aucun quiz correspondant
Distribution des résultats
% des personnes avec chaque résultat
Percentile par nombre de réponses
Votre historique - résultats
Vous n’avez pas pris ce quiz depuis la dernière actualisation